000 00424pab a2200157 454500
008 180718b2013 xxu||||| |||| 00| 0 eng d
100 _aRangnekar, Sharu S.
245 _aChanging patterns of human resources development
260 _c2013
300 _ap.60-63.
362 _aOct-Dec
650 _aHuman resources development
773 _aIndian Journal of Training and Development
908 _aN
909 _a103682
999 _c103678
_d103678